Brawl Stars: Byron Skins by Picture - Statistics

General Stats
  • This quiz has been taken 37 times
    9 since last reset
  • The average score is 6 of 8
Answer Stats
Picture Answer % Correct
Beach Byron
100%
Byron the White
78%
Frank Byron
78%
Ringmaster Byron
78%
True Gold Byron
78%
True Silver Byron
78%
Wizard Byron
78%
Overlord Byron
67%
No matching quizzes found
Score Distribution
Percent of People with Each Score
Percentile by Number Answered
Your Score History
You have not taken this quiz since the last reset